Μελής Νικολαϊδης

Αποθηκεύτηκε σε:
Λεπτομέρειες βιβλιογραφικής εγγραφής
Κύριος συγγραφέας: Χρυσάνθης, Κύπρος 1915-
Μορφή: Βιβλίο
Γλώσσα:Greek
Δημοσίευση: Λευκωσία : Εθνική Εταιρεία Ελλήνων Λογοτεχνών Κύπρου, 1986
Θέματα:
Ετικέτες: Προσθήκη ετικέτας
Δεν υπάρχουν, Καταχωρήστε ετικέτα πρώτοι!

MARC

LEADER 00000nam a2200000 i 4500
001 1/77036
008 970212s1986 gre d
035 |a 1993  |b 1  |c Δωρεά  |l 10032562 
040 |a GR-MY-UA  |b gre  |e aacr 
041 0 |a gre 
082 0 |a 889.104 
100 1 |a Χρυσάνθης, Κύπρος  |d 1915- 
245 1 0 |a Μελής Νικολαϊδης /  |c Κύπρος Χρυσάνθης 
260 |a Λευκωσία :   |b Εθνική Εταιρεία Ελλήνων Λογοτεχνών Κύπρου,   |c 1986 
300 |a 109 σ. 
650 0 0 |a Poets, Greek (Modern)  |z Cyprus. 
650 0 0 |a Greek poetry  |z Cyprus  |x Essays. 
650 0 0 |a Speeches, addresses, etc. 
852 |a INST  |b RHODES  |e 19970212  |h 889.104 ΧΡΥ  |p 005400000257  |q 005400000257  |t BK  |y 0 
909 |a Ρ  |b 024674  |c 1993 
970 |z 2000/06/ΟΙΚΟΝΟΜΟΠΟΥΛΟΥ (SUBJECT)